|
|
|
|
| LEADER |
00000cam a2200000 a 4500 |
| 001 |
vtls008384685 |
| 003 |
SK-MaSNL |
| 005 |
20260302074659.0 |
| 008 |
230403s1952 xr 100 0 slo |
| 015 |
|
|
|a SNBA19451955-007272
|
| 035 |
|
|
|a SK01SNKBKSFS20010076902
|
| 035 |
|
|
|a urn:nbn:sk:snk-am3i3je
|
| 035 |
|
|
|a 3453CF31-ECA9-417B-BEA0-A830CE6C62E7
|
| 035 |
|
|
|a urn:nbn:sk:snk-am00dine
|
| 035 |
|
|
|a SKM000079365
|
| 040 |
|
|
|a SNK
|b slo
|c SNK
|e AACR2
|
| 041 |
0 |
|
|a slo
|a cze
|
| 044 |
|
|
|a xr
|c CZ
|
| 080 |
|
|
|a 14
|2 1981
|
| 245 |
0 |
0 |
|a Marxisticko-leninskou ideovosťou a straníckosťou proti kozmopolitizmu a objektivizmu vo vede
|b sborník dokumentov 1. ideologickej konferencie vysokoškolských vedeckých pracovníkov v Brne 27. februára - 1. marca 1952
|
| 250 |
|
|
|a 1. vyd.
|
| 260 |
|
|
|a Praha
|b Naše vojsko
|c 1952
|e Praha
|f Naše vojsko
|
| 300 |
|
|
|a 419, [1] s.
|c V. 8°
|
| 366 |
|
|
|e 3000 výtl.
|
| 650 |
0 |
7 |
|a marxizmus-leninizmus
|2 SNKPH
|9 2161
|
| 650 |
0 |
7 |
|a veda
|2 SNKPH
|9 1599
|
| 655 |
|
7 |
|a zborníky
|2 SNKPH
|9 70165
|
| 700 |
1 |
|
|a Ondruš, Šimon,
|d 1924-2011
|4 trl
|9 170117
|
| 700 |
1 |
|
|a Raček, Jozef
|4 trl
|9 564055
|
| 700 |
1 |
|
|a Popp, Rudolf
|4 trl
|9 346250
|
| 700 |
1 |
|
|a Rossová, Alžbeta
|4 trl
|9 610287
|
| 700 |
1 |
|
|a Petőcz, Ernest
|4 trl
|9 740587
|
| 700 |
1 |
|
|a Kalas, Otokar
|4 bjd
|4 bkd
|4 bdd
|9 740588
|
| 852 |
|
|
|a Slovenská národná knižnica
|
| 954 |
|
|
|a odborná, vedecká literatúra pôvodná (slovenská)
|2 lita
|
| 958 |
|
|
|a RK
|
| 958 |
|
|
|a TL
|
| 958 |
|
|
|a ZB
|
| 958 |
|
|
|a OND
|
| 958 |
|
|
|a EUIPO
|
| 999 |
|
|
|c 1166045
|d 1167975
|
| 952 |
|
|
|a SNK
|b SNK
|y PREZ
|7 0
|p 17A0758301
|o snkSC 4943
|i snk1564/53
|0 0
|1 0
|4 0
|d 2019-03-05
|f 1
|l 0
|r 2025-07-04 00:00:00
|w 2026-02-24
|